| 000 | 00676nam a22002297a 4500 | ||
|---|---|---|---|
| 003 | PILC | ||
| 005 | 20160115103523.0 | ||
| 008 | 121115t xxu||||| |||| 00| 0 eng d | ||
| 020 | _a0020442408 | ||
| 050 |
_aPZ 8 _b.L585pr 195 (bk.2) |
||
| 082 |
_aFIC _b L58p 1951 |
||
| 100 |
_aLewis, C. S. _96322 |
||
| 245 |
_aPrince caspian _cBy C.S. Lewis |
||
| 260 |
_aNew York _bMcmillan Publishing Company _cc1951 |
||
| 300 |
_g18 cm. _a216 p. : |
||
| 440 | _aBook 2 in the chronicles of narnia | ||
| 562 | _e2 | ||
| 650 |
_a Narnia (Imaginary place) _xJuvenile fiction. _920135 |
||
| 650 |
_aFantasy fiction _xJuvenile fiction. _920136 |
||
| 942 |
_2lcc _cBK |
||
| 999 |
_c11402 _d11402 |
||